|
|
|
|
| LEADER |
00000nam0a2200000 4500 |
| 001 |
97203 |
| 005 |
20231031110835.0 |
| 035 |
|
|
|a (RuTPU)RU\TPU\book\104198
|
| 090 |
|
|
|a 97203
|
| 100 |
|
|
|a 20060524d1988 k a0rusy5003 ca
|
| 101 |
0 |
|
|a rus
|
| 102 |
|
|
|a RU
|
| 105 |
|
|
|a a z 001zy
|
| 200 |
1 |
|
|a Неразрушающий контроль в химическом и нефтяном машиностроении
|e сборник научных трудов
|f НИИХИММАШ; под ред. Н. В. Химченко
|
| 210 |
|
|
|a Москва
|c НИИхиммаш
|d 1988
|
| 215 |
|
|
|a 63 с.
|c ил.
|d 21 см
|
| 225 |
1 |
|
|a Химическое машиностроение
|
| 320 |
|
|
|a Библиогр. в конце ст.
|
| 610 |
1 |
|
|a химическое машиностроение
|
| 610 |
1 |
|
|a нефтяное машиностроение
|
| 610 |
1 |
|
|a неразрушающий контроль
|
| 610 |
1 |
|
|a сварные соединения
|
| 610 |
1 |
|
|a акустическая эмиссия
|
| 610 |
1 |
|
|a чугунные отливки
|
| 610 |
1 |
|
|a ультразвуковой контроль
|
| 610 |
1 |
|
|a герметичность
|
| 610 |
1 |
|
|a стандартизация
|
| 610 |
1 |
|
|a питательные насосы
|
| 675 |
|
|
|a 66.02.002
|z rus
|
| 675 |
|
|
|a 665.6.02.002
|z rus
|
| 702 |
|
1 |
|a Химченко
|b Н. В.
|g Николай Васильевич
|4 340
|
| 712 |
0 |
2 |
|a Всесоюзный научно-исследовательский и конструкторский институт химического машиностроения (НИИХИММАШ)
|2 stltpush
|3 (RuTPU)RU\TPU\col\10024
|
| 801 |
|
0 |
|a RU
|b RuMRKP
|c 19950417
|g psbo
|
| 801 |
|
1 |
|a RU
|b 63413507
|c 20060524
|g PSBO
|
| 801 |
|
2 |
|a RU
|b 63413507
|c 20070417
|g PSBO
|
| 942 |
|
|
|c BK
|